Viaggio in Italia /

Gespeichert in:
Bibliographische Detailangaben
1. Verfasser: Ulrichs, Karl Heinrich (Verfasst von)
Weitere Verfasser: Di Cesare, Domenico, (1966- ) (Herausgegeben von), Garuti Simone Di Cesare, Giulio (Herausgegeben von)
Format: Buch
Sprache:Italienisch
Veröffentlicht: Citta di Castello : Odoya, c2025
Schriftenreihe:Odoya library
Tags: Tag hinzufügen
Keine Tags, Fügen Sie das erste Tag hinzu!

MARC

LEADER 00000nam a22000007i 4500
001 IT\ICCU\PUV\1595612
003 ItRI
005 20260109203120.0
008 251015s2025 it |||||| ||||| |||||c
020 |a 9788862889438 (paperback) 
040 |b ita  |c ct 
041 7 |a ita  |2 ISO-639-2 
100 1 |a Ulrichs, Karl Heinrich  |0 IT\ICCU\AQ1V\022463  |4 aut 
245 1 0 |a Viaggio in Italia /  |c Ulrichs ; [a cura di] Domenico Di Cesare, Giulio Garuti, Simone Di Cesare. 
246 1 3 |a Ulrichs. Viaggio in Italia 
260 |a Citta di Castello :  |b Odoya,  |c c2025 
300 |a 206 p. :  |b ill. ;  |c 21 cm 
700 1 |a Di Cesare, Domenico,  |d  (1966- )  |0 IT\ICCU\CFIV\179320  |4 edt 
700 1 |a Garuti Simone Di Cesare, Giulio  |0 IT\ICCU\UBOV\394606  |4 edt 
830 0 |a Odoya library  |0 IT\ICCU\RAV\1694500 
942 |2 ddc  |c BK 
952 |0 0  |1 0  |2 ddc  |4 0  |6 834_800000000000000_ULR_VIA  |7 0  |9 9633  |a GE  |b GE  |d 2025-09-23  |l 0  |o 834.8 ULR VIA  |p 2068  |r 2025-09-23 17:18:00  |w 2025-09-23  |y BK 
981 1 |6 z01  |a i   |b xxxe  
982 1 |6 z01  |a n 
999 |c 7968  |d 7968